हमारे आँचलिक खेल (Record no. 1646)

MARC details
000 -LEADER
fixed length control field 01001 a2200217 4500
005 - DATE AND TIME OF LATEST TRANSACTION
control field 20080910104241.0
008 - FIXED-LENGTH DATA ELEMENTS--GENERAL INFORMATION
fixed length control field 080910t xxu||||| |||| 00| 0 hin d
010 ## - LIBRARY OF CONGRESS CONTROL NUMBER
LC control number HIN-79368
020 ## - INTERNATIONAL STANDARD BOOK NUMBER
International Standard Book Number 8188559040
Terms of availability 75.00
035 ## - SYSTEM CONTROL NUMBER
System control number HN-51714
037 ## - SOURCE OF ACQUISITION
Source of stock number/acquisition D.B.Act / pub
082 ## - DEWEY DECIMAL CLASSIFICATION NUMBER
Classification number 394.3
100 ## - MAIN ENTRY--PERSONAL NAME
Personal name पारीक सत्येन्द्र
245 ## - TITLE STATEMENT
Title हमारे आँचलिक खेल
Statement of responsibility, etc सत्येन्द्र पारीक
250 ## - EDITION STATEMENT
Edition statement 2रा संस्क
260 ## - PUBLICATION, DISTRIBUTION, ETC. (IMPRINT)
Place of publication, distribution, etc जयपुर
Name of publisher, distributor, etc पुनीत प्रकाशन
Date of publication, distribution, etc 2006
270 ## - ADDRESS
Address ए-3,कान्ती नगर
City जयपुर
Telephone number 0141-2204664
300 ## - PHYSICAL DESCRIPTION
Extent 59पृ
Dimensions 22 सेमी (सजिल्द)
942 ## - ADDED ENTRY ELEMENTS (KOHA)
Institution code [OBSOLETE] dpl
Koha item type Hindi Books
Call number prefix 394.3 / पारीक
Source of classification or shelving scheme Dewey Decimal Classification
Classification part 394.3
Call number suffix पारीक
Holdings
Withdrawn status Lost status Damaged status Not for loan Collection code Home library Current library Date acquired Cost, normal purchase price Total Checkouts Full call number Barcode Date last seen Copy number Uniform Resource Identifier Cost, replacement price Price effective from Koha item type
      Not For Loan Non-fiction D.B.Act.Division D.B.Act.Division 10/09/2008 75.00   394.3 पारीक HN-51714 15/09/2008 1 1731 75.00 15/09/2008 Hindi Books

© Delhi Public Library
Hit Counter
free hit counter